Breast health the natural way (Record no. 19588)
[ view plain ]
| 000 -LEADER | |
|---|---|
| fixed length control field | 01441nam a22003734a 4500 |
| 082 04 - DEWEY DECIMAL CLASSIFICATION NUMBER | |
| Classification number | 618.1/9 |
| 100 1# - MAIN ENTRY--AUTHOR NAME | |
| Personal name | Mitchell, Deborah R. |
| 245 10 - TITLE STATEMENT | |
| Title | Breast health the natural way |
| 260 ## - PUBLICATION, DISTRIBUTION, ETC. (IMPRINT) | |
| Place of publication | New York : |
| Name of publisher | John Wiley, |
| Year of publication | c2001. |
| 300 ## - PHYSICAL DESCRIPTION | |
| Number of Pages | vi, 282 p. : |
| Other physical details | ill. |
| 490 1# - SERIES STATEMENT | |
| Series statement | The women's natural health series |
| 500 ## - GENERAL NOTE | |
| General note | "A Lynn Sonberg book." |
| 650 #0 - SUBJECT ADDED ENTRY--TOPICAL TERM | |
| Topical Term | Breast |
| Topical Term | Alternative medicine. |
| Topical Term | Women |
| Topical Term | Breast |
| 700 1# - ADDED ENTRY--PERSONAL NAME | |
| Personal name | Gordon, Deborah |
| 856 40 - ELECTRONIC LOCATION AND ACCESS | |
| Uniform Resource Identifier | http://site.ebrary.com/lib/rucke/Doc?id=10001750 |
No items available.
